=LDR 00000nam 2200000 4500 =001 INLIS000000000020050 =005 20130612115038 =008 ***********************************Ind** =035 ##$$0010-061300000020050 =041 ##$$a Ind =082 ##$$a 796.352 32 =090 ##$$a 796.352 32, Tro t =100 ##$$a Muladi, Sipan =245 ##$$a Tropical woods, properties and utilizations eated by Sipan Muladi, Zaenal Arifin =260 ##$$a 2005 $b Yogyakarta =300 ##$$a xii, 389 hlm, ilus, 25 cm =650 ##$$a Olah raga, Alat-Alat =850 ##$$a NBPNMAT